| 000 | 00889nam a2200217 a 4500 | ||
|---|---|---|---|
| 001 | 000016196 | ||
| 005 | 20200929164321.0 | ||
| 008 | 100301s1999 dr 001 0 spa d | ||
| 040 |
_aDO-SdBNP _bspa _cBNPHU |
||
| 082 |
_a327.7293 _bR426b |
||
| 110 | 1 |
_aRepública Dominicana. _bSecretaría de Estado de Relaciones Exteriores _92256 |
|
| 245 | 1 | 0 | _aBase legal de la Secretaría de Estado de Relaciones Exteriores. |
| 260 |
_aSanto Domingo : _bAmigo del Hogar, _c1999. |
||
| 300 |
_a605 p. ; _c23 cm. |
||
| 500 | _aIncluye índice cronológico | ||
| 590 | _aInventariado, 2018/BT | ||
| 610 | 1 |
_aREPÚBLICA DOMINICANA. _bSECRETARIA DE ESTADO DE RELACIONES EXTERIORES _92256 |
|
| 651 | 4 |
_aRepública Dominicana _xRelaciones Exteriores _xLegislación _936237 |
|
| 710 | 1 |
_aREPÚBLICA DOMINICANA _xSECRETARIA DE ESTADO DE RELACIONES EXTERIORES _9447 |
|
| 910 | _aValidado. Control de calidad. MFF | ||
| 999 |
_c15735 _d15735 |
||